Processo Administrativo do Concurso Pb︢lico

Bibliographic Details
Main Author: de Sousa, Alice Ribeir
Format: Book
Language:Portuguese
Published: Brasil JH Mizuno 2013
Subjects:
Online Access:Acceso restringido

MARC

LEADER 00000nam a22000007a 4500
005 20160302154858.0
007 cr|||| ||u|
008 160302s2013 por||||| |||| 00||0 por d
020 |a 978-85-7789-176-4 
035 |a 14010 
040 |a vLex 
090 |c 5953  |d 5953 
100 1 |a de Sousa, Alice Ribeir 
245 1 0 |a Processo Administrativo do Concurso Pb︢lico  |h [Recurso electrn̤ico] /  |c Alice Ribeiro de Sousa 
256 |a Servicio en ln̕ea  
260 |a Brasil   |b JH Mizuno  |c 2013 
300 |a 1 recurso electrn̤ico  
500 |a O concurso pb︢lico, na atualidade, constitui objeto de interesse geral, em se considerando que o acesso aos cargos e empregos pb︢licos passa necessariamente por tal meio de seleȯ̂. Apesar de sua importńcia para os estudiosos do Direito, para os milhares de candidatos e para a prp̤ria sociedade, o concurso pb︢lico padece de grande dificuldade de compreensô, em face da ausn̊cia de legislaȯ̂ especf̕ica que lhe d ̊regramentos precisos. Ao longo da presente obra sô debatidos os procedimentos atinentes ̉realizaȯ̂ de concursos pb︢licos, os casos de sua inexigibilidade, bem ainda as hipt̤eses de invalidaȯ̂ judicial e administrativa. A anl̀ise passa detidamente pelas decise̳s dos Tribunais pt̀rios, demonstrando situaė̳s concretas enfrentadas pelo Judicir̀io na atualidade. Ao final, e sob as luzes dos princp̕ios constitucionais incidentes sobre os concursos pb︢licos, ̌demonstrada a convenin̊cia da ediȯ̂ de lei, de ḿbito nacional, destinada a regulamentar a realizaȯ̂ de concursos pb︢licos no Brasil. Ainda levando em consideraȯ̂ as disposiė̳s da atual Constituiȯ̂ Federal acerca do assunto, ̌tambm̌ indicada a espčie legislativa mais adequada para a referida regulamentaȯ̂. 
506 1 |a Contenido solo disponible en los productos indicados   |d vLex Global  |d vLex Global (Academic Edition, excluding Law Schools)  |d vLex Global (U.S. Academic Edition, Law Schools)  |d vLex Global (U.S. Academic Edition, excluding Law Schools)  |d vLex Global (Academic Edition, Law Schools) 
650 0 4 |a Derecho  |z Brasil 
740 0 |a vLex libros (servicio en ln̕ea)  
856 4 0 |u http://vlex.com/source/processo-administrativo-do-concurso-publico-14010  |z Acceso restringido  
942 |c BOOK 
999 0 |a Law